Statistics for Roblox Games - Creators

Click here to take the quiz!

General Stats

  • This quiz has been taken 6 times
  • The average score is 4 of 16

Answer Stats

CreatorsAnswer% Correct
AlexnewtronMeepcity
67%
NikilisMurder Mystery 2
50%
PyxlDev and ObrenTune of YXCeptional Studios.Tower of hell
50%
Uplift GamesAdopt me
33%
OnettBee swarm Simulator
33%
CrazybloxFlood escape
33%
Dued1Work at a Pizza place
33%
Wolfpaq and AidanleewolfBrookhaven
17%
StickmasterlukeNatural Disaster Survival
17%
VurseSpeedrun 4
17%
Robredeyes2Super Simon says
17%
CoeptusWelcome to Bloxburg
17%
Wenlocktoad vs Indra (Group)Zombie attack
17%
Cracky4Break in
0%
Zethclap and MrNiceGuy.Teamwork obby 3
0%
NowDoTheHarlemShakeThe Normal Elevator
0%

Score Distribution

Percentile by Number Answered

Percent of People with Each Score

Your Score History

You have not taken this quiz